Quiebra y tributos (Registro nro. 1562)

Detalles MARC
000 -LEADER
fixed length control field 00930 a2200193 4500
001 - CONTROL NUMBER
control field 27183
005 - DATE AND TIME OF LATEST TRANSACTION
control field 20260407155548.0
008 - FIXED-LENGTH DATA ELEMENTS--GENERAL INFORMATION
fixed length control field 260407a1962 arg spa d
003 - CONTROL NUMBER IDENTIFIER
control field AR-UNSa-BCEJYS
040 ## - CATALOGING SOURCE
Original cataloging agency AR-UNSa-BCEJYS
Language of cataloging spa
Transcribing agency AR-UNSa-BCEJYS
080 ## - UNIVERSAL DECIMAL CLASSIFICATION NUMBER
Universal Decimal Classification number 347.736
Common auxiliary subdivision Quiebra. Insolvencia. Suspensión de pagos. Bancarrota, procedimientos. Derecho Concursal
100 1# - MAIN ENTRY--PERSONAL NAME
Personal name Tarantino, Jacinto R.
245 10 - TITLE STATEMENT
Title Quiebra y tributos
Name of part/section of a work proyecciones de quiebra en el derecho tributario
264 #1 - PRODUCTION, PUBLICATION, DISTRIBUTION, MANUFACTURE, AND COPYRIGHT NOTICE
Place of production, publication, distribution, manufacture Buenos Aires :
Name of producer, publisher, distributor, manufacturer EDIAR
Date of production, publication, distribution, manufacture, or copyright notice 1962
300 ## - PHYSICAL DESCRIPTION
Extent 365 p.
Dimensions 20 cm.
505 ## - FORMATTED CONTENTS NOTE
Formatted contents note 1. Parte general - 2. Derecho substancial - 3. La quiebra y la determinación de la obligación tributaria - 4. Derecho procesal - La acción por crédito tributarios en caso de quiebra del contribuyente - 5. Comentarios sobre casos de aplicación referentes a quiebra e impuestos - 6. Jurisprudencia.
590 ## - LOCAL NOTE (RLIN)
Local note niveau_biblio:m niveau_hierar:0
942 ## - ADDED ENTRY ELEMENTS (KOHA)
Koha item type
Existencias
Withdrawn status Lost status Damaged status Not for loan Home library Current library Shelving location Date acquired Total checkouts Full call number Barcode Date last seen Price effective from Koha item type
        Biblioteca Prof. Eusebio Cleto del Rey Biblioteca Prof. Eusebio Cleto del Rey   07/04/2026   347.736 T176q L22116 07/04/2026 07/04/2026 Libro
        Biblioteca Prof. Eusebio Cleto del Rey Biblioteca Prof. Eusebio Cleto del Rey   07/04/2026   347.736 T176q L22117 07/04/2026 07/04/2026 Libro